[Event "TCh-FRA Top 16 Basse 2025"]
[Site "Belfort FRA"]
[Date "2025.06.01"]
[Round "4.4"]
[White "Brunner, Nicolas"]
[Black "Lux, Hugo de Melo"]
[Result "1/2-1/2"]
[WhiteTitle "IM"]
[BlackTitle "FM"]
[WhiteElo "2423"]
[BlackElo "2315"]
[WhiteTeam "Vandoeuvre Echecs"]
[BlackTeam "Lyon Olympique Echecs"]
[WhiteFideId "620246"]
[BlackFideId "2138298"]
[EventDate "2025.05.29"]
[EventType "team"]

1. d4 d5 2. c4 c6 3. Nf3 Nf6 4. Nc3 dxc4 5. a4 e6 6. e4 Bb4 7. Bg5 c5 8. Bxc4
cxd4 9. Nxd4 Qa5 10. Bxf6 gxf6 11. O-O a6 12. Kh1 Bd7 13. f4 Nc6 14. Nxc6 Bxc6
15. f5 Qe5 16. fxe6 fxe6 17. Qg4 Bd7 18. Rac1 Qg5 19. Qf3 Rc8 20. Ne2 Rg8 21. g3
f5 22. Nd4 Qg4 23. exf5 Qxd4 24. Bxe6 Rxc1 25. Rxc1 Rg7 26. Rd1 Qxb2 27. Qxb7
Bxe6 28. Qb8+ Kf7 29. fxe6+ Kg6 30. Rf1 Qd4 1/2-1/2

[Event "TCh-FRA Top 16 Basse 2025"]
[Site "Belfort FRA"]
[Date "2025.06.01"]
[Round "4.5"]
[White "Benitah, Yohan"]
[Black "Decuigniere, Tom"]
[Result "0-1"]
[WhiteTitle "IM"]
[BlackTitle "IM"]
[WhiteElo "2333"]
[BlackElo "2366"]
[WhiteTeam "Lyon Olympique Echecs"]
[BlackTeam "Vandoeuvre Echecs"]
[WhiteFideId "609560"]
[BlackFideId "26093820"]
[EventDate "2025.05.29"]
[EventType "team"]

1. d4 Nf6 2. c4 e6 3. Nc3 Bb4 4. Qc2 d5 5. cxd5 exd5 6. Bg5 h6 7. Bh4 Nc6 8. e3
g5 9. Bg3 h5 10. h3 Ne4 11. Bh2 Qe7 12. Bb5 Bf5 13. Qc1 Rh6 14. Ne2 O-O-O 15.
Qd1 h4 16. Rc1 g4 17. Bf4 gxh3 18. gxh3 Rg6 19. a3 Bxc3+ 20. Nxc3 Rdg8 21. Ne2
Bd7 22. Qa4 Kb8 23. Qb3 Qe6 24. Bh2 Nxf2 25. Kxf2 Qe4 26. Rcg1 Rg2+ 27. Ke1 Na5
28. Rxg2 Rxg2 29. Bxc7+ Kxc7 30. Qc3+ Nc6 31. Qc1 Kb8 32. Rf1 Nb4 33. Rf4 Bxb5
34. Rxe4 Nd3+ 35. Kf1 Rf2+ 36. Kg1 Nxc1 37. Kxf2 Nd3+ 0-1

[Event "TCh-FRA Top 16 Basse 2025"]
[Site "Belfort FRA"]
[Date "2025.06.01"]
[Round "4.6"]
[White "Pourquet, Matthieu"]
[Black "Hejazipour, Mitra"]
[Result "1/2-1/2"]
[WhiteTitle "FM"]
[BlackTitle "WGM"]
[WhiteElo "2298"]
[BlackElo "2310"]
[WhiteTeam "Vandoeuvre Echecs"]
[BlackTeam "Lyon Olympique Echecs"]
[WhiteFideId "20654642"]
[BlackFideId "12505951"]
[EventDate "2025.05.29"]
[EventType "team"]

1. d4 Nf6 2. c4 e6 3. g3 d5 4. Bg2 Bb4+ 5. Nd2 O-O 6. Nf3 b6 7. O-O Bb7 8. b3 c5
9. Bb2 dxc4 10. Nxc4 cxd4 11. Qxd4 Qxd4 12. Nxd4 Bxg2 13. Kxg2 Rc8 14. Rfd1 Nbd7
15. Rac1 Bf8 16. h3 h5 17. f4 Nc5 18. Kf3 Nd5 19. Ne5 a5 20. Nec6 Nb4 21. Nxb4
axb4 22. Ra1 Ra7 23. Bc1 f6 24. Be3 e5 25. Nb5 Ra5 26. Nd6 Rca8 1/2-1/2

[Event "TCh-FRA Top 16 Basse 2025"]
[Site "Belfort FRA"]
[Date "2025.06.01"]
[Round "4.7"]
[White "Mathieu, Phileas"]
[Black "Savina, Anastasia"]
[Result "1-0"]
[WhiteTitle "FM"]
[BlackTitle "IM"]
[WhiteElo "2346"]
[BlackElo "2332"]
[WhiteTeam "Lyon Olympique Echecs"]
[BlackTeam "Vandoeuvre Echecs"]
[WhiteFideId "36048410"]
[BlackFideId "4196872"]
[EventDate "2025.05.29"]
[EventType "team"]

1. e4 d6 2. d4 Nf6 3. Nc3 e5 4. Nf3 Nbd7 5. g4 Nxg4 6. Rg1 Ngf6 7. Bc4 h6 8. Be3
c6 9. Qe2 b5 10. Bb3 Ba6 11. O-O-O Qa5 12. dxe5 b4 13. Qe1 dxe5 14. Nb1 Nc5 15.
Bxf7+ Kxf7 16. Nxe5+ Kg8 17. Ng6 Ncxe4 18. f3 Nc3 19. bxc3 bxc3 20. Nxf8 Rb8 21.
Bb6 Qb4 22. Qxc3 Qxb6 23. Nd7 Qxb1+ 24. Kd2 1-0

[Event "TCh-FRA Top 16 Basse 2025"]
[Site "Belfort FRA"]
[Date "2025.06.01"]
[Round "4.8"]
[White "Vallee, Louis"]
[Black "Breuil, Tristan"]
[Result "1-0"]
[WhiteTitle "FM"]
[BlackTitle "FM"]
[WhiteElo "2253"]
[BlackElo "2362"]
[WhiteTeam "Vandoeuvre Echecs"]
[BlackTeam "Lyon Olympique Echecs"]
[WhiteFideId "45103291"]
[BlackFideId "45163685"]
[EventDate "2025.05.29"]
[EventType "team"]

1. c4 Nf6 2. Nc3 c5 3. Nf3 d5 4. cxd5 Nxd5 5. d4 Nxc3 6. bxc3 g6 7. e4 Bg7 8.
Rb1 O-O 9. Be2 Nc6 10. d5 Ne5 11. Nxe5 Bxe5 12. Qd2 Qa5 13. Rb3 Rd8 14. f4 Bg7
15. c4 Qc7 16. e5 f6 17. Re3 fxe5 18. fxe5 Bxe5 19. Rxe5 Qxe5 20. Bb2 Qe4 21.
O-O Bf5 22. Ba1 h5 23. Bf3 Qh4 24. g3 Qxc4 25. Qh6 Qxf1+ 26. Kxf1 Kf7 27. Qg7+
Ke8 28. d6 Bd3+ 29. Kf2 Rxd6 30. Qg8+ Kd7 31. Qxa8 1-0

[Event "TCh-FRA Top 16 Basse 2025"]
[Site "Belfort FRA"]
[Date "2025.06.01"]
[Round "4.1"]
[White "Eugene, Floryan"]
[Black "Materia, Marco"]
[Result "1/2-1/2"]
[WhiteTitle "IM"]
[BlackTitle "IM"]
[WhiteElo "2469"]
[BlackElo "2489"]
[WhiteTeam "Le Mans"]
[BlackTeam "Bischwiller"]
[WhiteFideId "20694784"]
[BlackFideId "45150451"]
[EventDate "2025.05.29"]
[EventType "team"]

1. e4 c5 2. Nf3 e6 3. d4 cxd4 4. Nxd4 Nc6 5. Nc3 Qc7 6. Be3 a6 7. Qf3 Ne5 8. Qg3
b5 9. O-O-O Nf6 10. a3 Bb7 11. Bxb5 Rc8 12. Ba4 Nxe4 13. Nxe4 Bxe4 14. Bf4 Qa5
15. Bxe5 Qxa4 16. Rd2 Qc4 17. Bd6 Bd5 18. c3 Qa2 19. Nc2 Bxd6 20. Qxd6 Bc6 21.
Re1 f5 22. Rde2 Kf7 23. Nb4 Qa1+ 24. Kc2 Ba4+ 25. Kd3 Bb5+ 26. Ke3 Rxc3+ 27.
bxc3 Qxc3+ 28. Nd3 g5 29. g3 e5 30. Rd2 Re8 31. Rc1 f4+ 32. Kf3 e4+ 33. Kg2 f3+
34. Kh3 Qg7 35. Rc5 exd3 36. Rxb5 axb5 37. Qxd7+ Kf8 38. Qxg7+ Kxg7 39. Rxd3 Re4
40. g4 b4 41. axb4 Rxb4 42. Kg3 Rb6 43. Rxf3 h5 44. h3 hxg4 45. hxg4 Kg6 46. Re3
Rb4 47. Re6+ Kf7 48. Rd6 Kg7 49. Ra6 Rb3+ 50. Kg2 Rc3 51. Ra4 Rb3 52. Re4 Ra3
53. Kf1 Ra2 54. Kg2 Ra3 55. Re3 Ra4 56. Kf3 Rf4+ 57. Kg3 Ra4 58. Re2 Ra3+ 59. f3
Kf6 60. Kf2 Rb3 61. Ra2 Kg6 62. Ra6+ Kf7 63. Rd6 Ra3 64. Ke2 Rb3 65. Rd3 Rb4 66.
Ke3 Ke6 67. Ra3 Rb6 68. Rc3 Rb4 69. Rc6+ Kf7 70. Rd6 Ra4 71. Rd4 Ra1 72. Rd5 Kf6
73. Rd6+ Ke7 74. Rg6 Ra3+ 75. Kf2 Ra2+ 76. Kg3 Ra5 77. Rh6 Kf7 78. Rh2 Kf6 79.
Re2 Ra3 80. Kf2 Kf7 81. Re5 Kf6 82. Rd5 Rb3 83. Ke2 Ra3 84. Rd3 Ra4 85. Ke3 Ke6
86. Rb3 Ra6 87. Rb4 Ke5 88. Rb5+ Kf6 89. Rd5 Ra4 90. Rd6+ Kf7 91. Rd4 Ra1 92.
Rc4 Ke6 93. Rc6+ Kf7 94. Kd4 Ra3 95. Rc3 Ra4+ 96. Rc4 Ra5 97. Ke4 Ke6 98. Rc6+
Kf7 99. Rd6 Ra4+ 100. Rd4 Ra3 101. Rd3 Ra4+ 102. Rd4 Ra3 103. Rd5 Kf6 104. Rd6+
Kf7 105. Rd3 Ra4+ 106. Rd4 Ra3 107. Kf5 Ra5+ 108. Ke4 Ra3 109. Rd8 1/2-1/2

[Event "TCh-FRA Top 16 Basse 2025"]
[Site "Belfort FRA"]
[Date "2025.06.01"]
[Round "4.2"]
[White "Schlosser, Philipp"]
[Black "Gao, Etienne"]
[Result "1-0"]
[WhiteTitle "GM"]
[BlackTitle "FM"]
[WhiteElo "2472"]
[BlackElo "2240"]
[WhiteTeam "Bischwiller"]
[BlackTeam "Le Mans"]
[WhiteFideId "4600169"]
[BlackFideId "20688059"]
[EventDate "2025.05.29"]
[EventType "team"]

1. c4 g6 2. Nc3 Bg7 3. d4 Nf6 4. e4 d6 5. Be2 O-O 6. Be3 Na6 7. Nf3 e5 8. O-O
Qe7 9. dxe5 dxe5 10. Nd5 Qd8 11. Qc2 Ng4 12. Bg5 f6 13. Bd2 c6 14. Ne3 Qe7 15.
a3 Be6 16. b4 Rfd8 17. c5 Nxe3 18. Bxe3 Nc7 19. a4 Bf8 20. Nd2 Kg7 21. Nc4 Bxc4
22. Bxc4 Ne6 23. Rad1 a5 24. Rxd8 Rxd8 25. Bxe6 Qxe6 26. bxa5 Be7 27. Rb1 Rd7
28. Qe2 f5 29. f3 fxe4 30. fxe4 Bh4 31. g3 Be7 32. Bf2 Qh3 33. Rf1 Qh5 34. Qc4
Qg4 35. Kg2 Rd2 36. h3 Qd7 37. Re1 h5 38. Re2 Rxe2 39. Qxe2 Qc8 40. Qc4 Kf6 41.
Be3 Kg7 42. Qb3 Qd7 43. Qc2 Bd8 44. Bd2 Qd4 45. Be1 Bg5 46. Kf1 Qd7 47. Kg2 Qd4
48. Qb1 Kh6 49. Qc2 Be3 50. Kf3 Qxc5 51. Qb3 Bc1 52. Ke2 Qd4 53. Qf3 Kg7 54. Bc3
Qc5 55. Kd3 Bg5 56. Kc2 Bf6 57. Qd3 Qa3 58. Qc4 Kh6 59. Qb3 Qxb3+ 60. Kxb3 h4
61. g4 Kg7 62. Kc4 Be7 63. Bxe5+ Kf7 64. Bc7 Ke6 65. Kd4 Bg5 66. Kc4 Be3 67. Bb6
Bd2 68. Kd3 Bf4 69. Bd8 Bg3 70. Bg5 Ke5 71. Ke3 Be1 72. Bd8 Ke6 73. Bc7 Bc3 74.
Kd3 Be1 75. Kc4 Kd7 76. Bb6 Bg3 77. Kd3 Ke6 78. Ke2 Bd6 79. Kf3 Bg3 80. Bf2 Bxf2
81. Kxf2 Ke5 82. Ke3 c5 83. Kd3 c4+ 84. Kxc4 Kxe4 85. Kc5 Kf3 86. Kb6 1-0

[Event "TCh-FRA Top 16 Basse 2025"]
[Site "Belfort FRA"]
[Date "2025.06.01"]
[Round "4.3"]
[White "Eveno, Nathan"]
[Black "Pigeat, Alexandre"]
[Result "1-0"]
[BlackTitle "FM"]
[WhiteElo "2249"]
[BlackElo "2303"]
[WhiteTeam "Le Mans"]
[BlackTeam "Bischwiller"]
[WhiteFideId "45132178"]
[BlackFideId "20649444"]
[EventDate "2025.05.29"]
[EventType "team"]

1. e4 e6 2. d4 d5 3. Nc3 Bb4 4. exd5 exd5 5. Bd3 Nc6 6. a3 Ba5 7. Ne2 Nge7 8.
O-O Bf5 9. Na4 O-O 10. c3 Re8 11. Nc5 Rb8 12. Ng3 Bxd3 13. Nxd3 Qc8 14. Qf3 Nd8
15. Re1 Ne6 16. b4 Bb6 17. h4 c6 18. h5 Bc7 19. h6 Bxg3 20. fxg3 Ng6 21. Rf1 Qc7
22. hxg7 Nxg7 23. Bh6 Re6 24. Nc5 Rd6 25. Rae1 Rf8 26. Re2 b6 27. Nd3 Ne5 28.
Nxe5 Rxh6 29. g4 Re6 30. Ref2 f6 31. g5 f5 32. g4 f4 33. Qe3 Rxe5 34. Qxe5 Qxe5
35. dxe5 Ne6 36. Rh2 Nxg5 37. Rh6 Ne4 38. Rxc6 f3 39. e6 Rf4 40. Rc8+ Kg7 41.
Kh2 Nf6 42. e7 Kf7 43. g5 Rh4+ 44. Kg3 Rg4+ 45. Kxf3 Rxg5 46. Kf4 Rg6 47. Rc7
Ke8 48. Ke5 Nd7+ 49. Kxd5 h5 50. Re1 Nf6+ 51. Kc4 Rg4+ 52. Kd3 1-0

[Event "TCh-FRA Top 16 Basse 2025"]
[Site "Belfort FRA"]
[Date "2025.06.01"]
[Round "4.4"]
[White "Wagner, Claude"]
[Black "Bouvet, Florian"]
[Result "1/2-1/2"]
[WhiteTitle "IM"]
[WhiteElo "2321"]
[BlackElo "2244"]
[WhiteTeam "Bischwiller"]
[BlackTeam "Le Mans"]
[WhiteFideId "600830"]
[BlackFideId "676357"]
[EventDate "2025.05.29"]
[EventType "team"]

1. d4 Nf6 2. c4 e6 3. Nc3 Bb4 4. e3 b6 5. Bd2 Bb7 6. Nf3 Bxc3 7. Bxc3 Ne4 8. Rc1
O-O 9. Be2 d6 10. O-O Nd7 11. Nd2 Nxc3 12. Rxc3 Qe7 13. b4 c5 14. a3 Rfc8 15.
Bf3 Nf6 16. Bxb7 Qxb7 17. Qb3 Rc7 18. Rd1 h6 19. h3 Rac8 20. Rdc1 Ne4 21. Nxe4
Qxe4 22. Rd1 cxd4 23. Rxd4 Qc6 24. Rcd3 Rd7 25. Qd1 Rcd8 26. f4 Kf8 27. Kh2 Ke7
28. Qg4 Kf8 29. e4 g6 30. f5 e5 31. Rd5 Qxc4 32. fxg6 Qc1 33. Rf3 Qg5 34. Qe6
Re7 35. Rxf7+ Ke8 36. Rxe7+ Qxe7 37. Qg8+ Kd7 38. Qh7 Qxh7 39. gxh7 Rh8 40. g4
Rxh7 41. Kg3 Rf7 42. Rd3 Rf4 43. Re3 Ke6 44. h4 b5 45. Re2 1/2-1/2

[Event "TCh-FRA Top 16 Basse 2025"]
[Site "Belfort FRA"]
[Date "2025.06.01"]
[Round "4.5"]
[White "Harutyunyan, Safar"]
[Black "Ernst, Luca"]
[Result "1/2-1/2"]
[WhiteTitle "FM"]
[BlackTitle "FM"]
[WhiteElo "2258"]
[BlackElo "2222"]
[WhiteTeam "Le Mans"]
[BlackTeam "Bischwiller"]
[WhiteFideId "26042428"]
[BlackFideId "45117055"]
[EventDate "2025.05.29"]
[EventType "team"]

1. Nf3 Nf6 2. c4 g6 3. d4 Bg7 4. Nc3 d6 5. Bf4 Bf5 6. h3 Ne4 7. e3 Nxc3 8. bxc3
Nc6 9. Be2 O-O 10. O-O e5 11. Bg3 Qe7 12. Re1 Rae8 13. Qb3 Bc8 14. Bh4 Bf6 15.
Bg3 b6 16. Rad1 Na5 17. Qa3 c5 18. Nd2 Be6 19. d5 Bc8 20. Nb3 Nxb3 21. axb3 e4
22. b4 a6 23. Rb1 Be5 24. Bxe5 Qxe5 25. bxc5 bxc5 26. Bf1 h5 27. Rb6 h4 28. Qa4
Qxc3 29. Qa1 Qxa1 30. Rxa1 Rd8 31. Be2 Kg7 32. Bd1 Kf6 33. Bg4 Bxg4 34. hxg4 Rd7
35. Kh2 Ke5 36. Rbxa6 Rb8 37. Ra7 Rxa7 38. Rxa7 Kf6 39. g5+ Kxg5 40. Rxf7 Rb4
41. f4+ exf3 42. gxf3 Rxc4 43. Kh3 Rc1 44. f4+ Kh6 45. Rf6 c4 46. Rxd6 c3 47.
Rc6 c2 48. Kh2 Kg7 49. Rc7+ Kf6 50. e4 Rf1 51. e5+ Kf5 52. Rxc2 g5 53. e6 g4 54.
Kg2 Re1 55. Kf2 Re4 56. Re2 g3+ 57. Kf1 Ra4 58. Re1 Rxf4+ 59. Kg1 h3 60. e7 Rf2
61. e8=Q Rg2+ 62. Kf1 Rf2+ 63. Kg1 Rg2+ 64. Kh1 Rh2+ 65. Kg1 1/2-1/2

[Event "TCh-FRA Top 16 Basse 2025"]
[Site "Belfort FRA"]
[Date "2025.06.01"]
[Round "4.6"]
[White "Iino Jubin, Enzo"]
[Black "Eugene, Nathael"]
[Result "1/2-1/2"]
[WhiteElo "2110"]
[BlackElo "2122"]
[WhiteTeam "Bischwiller"]
[BlackTeam "Le Mans"]
[WhiteFideId "45177988"]
[BlackFideId "45115907"]
[EventDate "2025.05.29"]
[EventType "team"]

1. e4 c5 2. Nc3 Nc6 3. Nge2 Nf6 4. d4 cxd4 5. Nxd4 d6 6. Be2 e6 7. O-O Be7 8.
Be3 O-O 9. f4 e5 10. Nxc6 bxc6 11. fxe5 dxe5 12. Qe1 Rb8 13. Rd1 Qc7 14. Qg3
Rxb2 15. Kh1 Rxc2 16. Bd4 Bd6 17. Bxa7 Qxa7 18. Rxd6 Rxc3 19. Qxc3 Nxe4 20. Qxe5
Nxd6 21. Qxd6 Qxa2 22. Bf3 Ba6 23. Rc1 Bb5 24. h3 Qb2 25. Re1 Qc3 26. Re7 c5 27.
Rb7 Ba4 28. Rc7 c4 29. Bd5 Qe1+ 30. Kh2 c3 31. Qf4 Be8 32. Qg3 Qd2 33. Bb3 h5
34. Rxc3 h4 35. Qe5 Qh6 36. Bd5 Bd7 37. Rf3 Be6 38. Bxe6 Qxe6 39. Qf4 Qe7 40.
Re3 Qd8 41. Re4 g5 42. Qe5 f6 43. Qe6+ Kg7 44. Qe7+ Kg6 45. Qxd8 Rxd8 46. Re2
Rd3 47. Ra2 Rb3 48. Kg1 Kf5 49. Rf2+ Kg6 50. Ra2 Rd3 51. Kh2 Rd1 52. Rf2 Ra1 53.
Rb2 Rf1 54. Rb6 Kh5 55. Rb8 Rc1 56. Rb6 Kg6 57. Ra6 Rc8 58. Kg1 Rd8 59. Kh2 Kf5
60. Ra2 Rd4 61. Rf2+ Ke5 62. Re2+ Re4 63. Ra2 Re1 64. Ra5+ Kf4 65. Ra4+ Re4 66.
Ra6 f5 67. Rh6 Rb4 68. Rh8 Rb2 69. Rf8 Ra2 70. Rb8 Ra4 71. Rf8 Rc4 72. Ra8 Rc2
73. Ra4+ Ke5 74. Ra5+ Ke4 75. Ra4+ Kd5 76. Ra5+ Rc5 77. Ra8 Ke5 78. Rg8 Kf6 79.
Rf8+ Kg7 80. Ra8 Rd5 81. Ra6 Kf7 82. Ra7+ Kf6 83. Ra6+ Ke5 84. Rg6 Kf4 85. Rf6
Re5 86. Rg6 Re2 87. Ra6 Re4 88. Ra8 Re1 89. Ra4+ Re4 90. Ra8 Rd4 91. Re8 Ra4 92.
Re1 Ra2 93. Re8 Rb2 94. Rf8 Rc2 95. Re8 Ra2 96. Rf8 Ra5 97. Re8 Ra6 98. Re1 Rd6
99. Re8 Rd2 100. Re1 Rf2 101. Re8 Rf1 102. Ra8 Rd1 103. Rf8 Re1 104. Rf7 Re3
105. Rf8 Rg3 106. Re8 Ra3 107. Re7 Rd3 108. Re8 Rb3 109. Re7 Rc3 110. Re8 Rb3
111. Re7 Ra3 112. Re8 Rd3 113. Re7 Rg3 114. Re8 g4 115. hxg4 Rxg4 116. Re7 Rg8
117. Rh7 Rg4 1/2-1/2

[Event "TCh-FRA Top 16 Basse 2025"]
[Site "Belfort FRA"]
[Date "2025.06.01"]
[Round "4.7"]
[White "Gely, Yann"]
[Black "Savignon Schmidt, Maxime"]
[Result "1-0"]
[WhiteElo "2134"]
[BlackElo "2057"]
[WhiteTeam "Le Mans"]
[BlackTeam "Bischwiller"]
[WhiteFideId "26050978"]
[BlackFideId "651086581"]
[EventDate "2025.05.29"]
[EventType "team"]

1. e4 c5 2. Nf3 d6 3. d4 cxd4 4. Nxd4 Nf6 5. Nc3 Nc6 6. Be3 Ng4 7. Bb5 Nxe3 8.
fxe3 Bd7 9. O-O e6 10. Bxc6 bxc6 11. e5 Be7 12. exd6 Bxd6 13. Qh5 O-O 14. Rad1
Qe7 15. Ne4 Bc7 16. b4 f5 17. Nc5 Bd6 18. Ndb3 Be8 19. Qh3 Rb8 20. a3 Rf6 21. g3
Rc8 22. e4 Rh6 23. Qg2 f4 24. Rd3 fxg3 25. hxg3 Bh5 26. Re1 Be5 27. Nd7 Bxg3 28.
Rxg3 Qxd7 29. c3 Rf8 30. e5 Qe7 31. Nd4 Bg6 32. Nxc6 Qh4 33. Ree3 Qc4 34. Ne7+
Kh8 35. Nxg6+ hxg6 36. Rh3 Rf5 37. Re4 Qd5 38. Reh4 Qd1+ 39. Kh2 Rfh5 40. Qf2
Qd5 41. Rxh5 Rxh5 42. Qe2 Rxh3+ 43. Kxh3 Qh1+ 44. Kg3 Kg8 45. c4 Qg1+ 46. Kf3 g5
47. c5 g4+ 48. Kf4 g3 49. Kf3 g5 50. c6 g4+ 51. Kxg4 Qh2 52. Qxh2 gxh2 53. c7
h1=Q 54. c8=Q+ Kf7 55. Qd7+ Kf8 56. Qd8+ Kf7 57. Qf6+ Ke8 58. Qxe6+ Kd8 59. Qd6+
Ke8 60. e6 Qe4+ 61. Kg5 Qe3+ 62. Kf5 Qf3+ 63. Ke5 Qb7 64. Kd4 a6 65. e7 Qa7+ 66.
Kd5 Kf7 67. Qe6+ 1-0

[Event "TCh-FRA Top 16 Basse 2025"]
[Site "Belfort FRA"]
[Date "2025.06.01"]
[Round "4.8"]
[White "Bellahcene, Sofia"]
[Black "Budak, Lori"]
[Result "0-1"]
[WhiteElo "2094"]
[BlackElo "1908"]
[WhiteTeam "Bischwiller"]
[BlackTeam "Le Mans"]
[WhiteFideId "26075954"]
[BlackFideId "36037630"]
[EventDate "2025.05.29"]
[EventType "team"]

1. e4 c5 2. Nf3 g6 3. c3 Bg7 4. d4 cxd4 5. cxd4 d5 6. e5 Nc6 7. Bb5 e6 8. Nc3
Ne7 9. h4 h6 10. Bf4 Qb6 11. a4 Bd7 12. a5 Nxa5 13. Bxd7+ Kxd7 14. O-O Nec6 15.
Na4 Qb5 16. b3 Bf8 17. Rb1 Be7 18. Be3 b6 19. Bd2 Qd3 20. b4 Nc4 21. Rb3 Qf5 22.
Nb2 g5 23. Nxc4 dxc4 24. Re3 b5 25. Bc3 Kc7 26. d5 exd5 27. Qxd5 a6 28. Qd2 Rhd8
29. Qb2 Rd3 30. Ne1 Rxe3 31. fxe3 Qe6 32. h5 Rd8 33. Nc2 g4 34. Ra1 Kb7 35. Qa2
Ra8 36. Nd4 Qd5 37. Qa3 Nxe5 38. Nf5 Bg5 39. Bd4 Nd3 40. Rf1 Re8 41. Qa5 Bd8 42.
Qa3 Bc7 43. Ra1 Re6 44. Rf1 g3 45. Qc3 Qe4 46. Bf6 Nf2 47. Nxg3 Bxg3 48. Qd4
Qxd4 49. Bxd4 Nd3 50. Rxf7+ Kc6 51. Kf1 Nxb4 52. Rg7 Be5 53. Rg6 Kd5 54. g4 Bxd4
55. Rxe6 Kxe6 56. exd4 Kf6 0-1

[Event "TCh-FRA Top 16 Basse 2025"]
[Site "Belfort FRA"]
[Date "2025.06.01"]
[Round "4.1"]
[White "Chigaev, Maksim"]
[Black "Amin, Bassem"]
[Result "1/2-1/2"]
[WhiteTitle "GM"]
[BlackTitle "GM"]
[WhiteElo "2635"]
[BlackElo "2649"]
[WhiteTeam "Metz Fischer"]
[BlackTeam "Clichy Echecs 92"]
[WhiteFideId "4108116"]
[BlackFideId "10601457"]
[EventDate "2025.05.29"]
[EventType "team"]

1. e4 e5 2. Nf3 Nc6 3. Bc4 Nf6 4. d3 Bc5 5. Bg5 h6 6. Bh4 Be7 7. Bg3 d6 8. a4
O-O 9. a5 a6 10. c3 Be6 11. Bxe6 fxe6 12. O-O Nh7 13. Nbd2 Ng5 14. Re1 Bf6 15.
b4 Qd7 16. Qb3 Rad8 17. Rad1 Nf7 18. h3 d5 19. Qb1 Be7 20. b5 axb5 21. Qxb5 Nxa5 1/2-1/2

[Event "TCh-FRA Top 16 Basse 2025"]
[Site "Belfort FRA"]
[Date "2025.06.01"]
[Round "4.2"]
[White "Gurel, Ediz"]
[Black "Ganguly, Surya Shekhar"]
[Result "1/2-1/2"]
[WhiteTitle "GM"]
[BlackTitle "GM"]
[WhiteElo "2636"]
[BlackElo "2569"]
[WhiteTeam "Clichy Echecs 92"]
[BlackTeam "Metz Fischer"]
[WhiteFideId "44507356"]
[BlackFideId "5002150"]
[EventDate "2025.05.29"]
[EventType "team"]

1. e4 e5 2. Nf3 Nc6 3. d4 exd4 4. Bc4 Nf6 5. e5 Ne4 6. Bd5 Nc5 7. O-O Ne6 8. c3
dxc3 9. Nxc3 d6 10. exd6 Bxd6 11. Be3 O-O 12. Qd2 Ne7 13. Bc4 Nf5 14. Rad1 Bd7
15. Bd5 Bc6 16. Ne4 Qe7 17. Bxc6 bxc6 18. Ng3 Bxg3 19. hxg3 Rfd8 20. Qc1 c5 21.
Rfe1 h6 22. b3 a5 23. Ne5 Rxd1 24. Qxd1 Nfd4 25. Qg4 Qf6 26. Nd7 Qe7 27. Ne5 Qf6
28. Nd7 Qe7 1/2-1/2

[Event "TCh-FRA Top 16 Basse 2025"]
[Site "Belfort FRA"]
[Date "2025.06.01"]
[Round "4.3"]
[White "Barseghyan, Harutyun"]
[Black "Van Wely, Loek"]
[Result "0-1"]
[WhiteTitle "IM"]
[BlackTitle "GM"]
[WhiteElo "2450"]
[BlackElo "2609"]
[WhiteTeam "Metz Fischer"]
[BlackTeam "Clichy Echecs 92"]
[WhiteFideId "13304585"]
[BlackFideId "1000268"]
[EventDate "2025.05.29"]
[EventType "team"]

1. d4 Nf6 2. c4 e6 3. g3 d5 4. Nf3 dxc4 5. Bg2 Nc6 6. O-O Rb8 7. Bg5 Be7 8. e3
O-O 9. Nfd2 e5 10. dxe5 Nxe5 11. Bf4 Nd3 12. Nxc4 Be6 13. Nbd2 Nd5 14. Ne5 N5xf4
15. gxf4 c5 16. Qe2 Nxb2 17. Ne4 Na4 18. Rfd1 Qc7 19. Qb5 Nb6 20. Rac1 Rfd8 21.
Rxd8+ Rxd8 22. Nxc5 a6 23. Qa5 Qxc5 24. Qxc5 Bxc5 25. Bxb7 Ba3 26. Rb1 Na4 27.
Nc6 Bxa2 28. Ra1 Rd2 29. Bxa6 Nc3 30. Bc4 Bxc4 31. Rxa3 Rd1+ 32. Kg2 Bd5+ 33. f3
Rd2+ 34. Kh3 Bxc6 35. Rxc3 Rd6 36. e4 f5 37. exf5 Bd7 38. Kg4 Rg6+ 39. Kh5 Bxf5
40. Ra3 Rg2 41. Ra8+ Kf7 42. Ra7+ Kf6 43. Ra6+ Be6 44. h4 g6+ 45. Kh6 Rh2 0-1

[Event "TCh-FRA Top 16 Basse 2025"]
[Site "Belfort FRA"]
[Date "2025.06.01"]
[Round "4.5"]
[White "Visakh, N R"]
[Black "Shoker, Samy"]
[Result "1/2-1/2"]
[WhiteTitle "GM"]
[BlackTitle "GM"]
[WhiteElo "2507"]
[BlackElo "2456"]
[WhiteTeam "Metz Fischer"]
[BlackTeam "Clichy Echecs 92"]
[WhiteFideId "25012223"]
[BlackFideId "627143"]
[EventDate "2025.05.29"]
[EventType "team"]

1. d4 d6 2. e4 Nf6 3. Nc3 g6 4. Be3 c6 5. Nf3 Nbd7 6. h3 Qc7 7. a4 Bg7 8. Bc4
Nxe4 9. Nxe4 d5 10. Ned2 dxc4 11. Nxc4 b6 12. Qd2 Ba6 13. Bf4 Qb7 14. Ne3 c5 15.
d5 Bxb2 16. Rb1 Bg7 17. c4 O-O 18. O-O e5 19. dxe6 fxe6 20. Qd6 Rae8 21. Rbd1
Nf6 22. Be5 Ne4 23. Qd7 Re7 24. Qxb7 Bxb7 25. Bxg7 Kxg7 26. Ne5 Nc3 27. Rd2 Rf4
28. Rc2 Ne4 29. a5 Nd6 30. axb6 axb6 31. Rb2 Re4 32. Rd1 Nf5 33. Nxf5+ gxf5 34.
Nd7 Rxc4 35. Nxb6 Rd4 36. Rxd4 cxd4 37. Rd2 e5 38. f4 Kf6 39. Nc4 exf4 40. Rxd4
Rg7 41. Rd6+ Ke7 42. Rd2 f3 43. Ne3 Be4 44. g4 h5 45. Kf2 fxg4 46. hxg4 hxg4 47.
Kg3 Kf6 48. Rd4 Bf5 49. Rf4 Rg5 50. Kh4 g3 51. Rxf5+ Rxf5 52. Kxg3 f2 53. Ng4+
Kg5 54. Nxf2 Ra5 55. Kf3 Kf5 56. Ke3 Ra8 57. Nd3 Rd8 58. Nf2 Ke5 59. Nd3+ Kd5
60. Nf4+ Kc4 61. Ke4 Re8+ 62. Kf5 Kd4 63. Ne6+ Rxe6 1/2-1/2

[Event "TCh-FRA Top 16 Basse 2025"]
[Site "Belfort FRA"]
[Date "2025.06.01"]
[Round "4.7"]
[White "Vitoux, Colomban"]
[Black "Belkaid, Sohan"]
[Result "1/2-1/2"]
[WhiteTitle "IM"]
[BlackTitle "FM"]
[WhiteElo "2367"]
[BlackElo "2348"]
[WhiteTeam "Metz Fischer"]
[BlackTeam "Clichy Echecs 92"]
[WhiteFideId "628549"]
[BlackFideId "45180350"]
[EventDate "2025.05.29"]
[EventType "team"]

1. e4 c5 2. Nf3 e6 3. g3 Nc6 4. Bg2 Nf6 5. d3 d6 6. O-O Be7 7. c4 O-O 8. Nc3 a6
9. d4 cxd4 10. Nxd4 Bd7 11. Be3 Nxd4 12. Bxd4 Rc8 13. Qb3 Qc7 14. Rac1 Rfe8 15.
Na4 Bxa4 16. Qxa4 Nd7 17. Be3 Ne5 18. Qd1 Qa5 19. b3 b5 20. f4 Nc6 21. Rf2 bxc4
22. Rxc4 Nb4 23. Qc1 Rxc4 24. Qxc4 d5 25. Qc3 dxe4 26. Bxe4 Rd8 27. Kg2 f5 28.
Bf3 Qb5 29. Rd2 Nd5 30. Qe5 Nxe3+ 31. Qxe3 Rxd2+ 32. Qxd2 Kf7 33. h3 Qc5 34. Be2
Qc6+ 35. Bf3 Qc5 36. Be2 Bd6 37. Bc4 Kf6 38. Qf2 Qxf2+ 39. Kxf2 a5 40. Kf3 h6
41. g4 Ba3 42. gxf5 exf5 43. Ba6 Bc1 44. Bc8 g6 45. Bd7 Kf7 46. Bb5 g5 47. fxg5
hxg5 48. Bd7 Kf6 49. Bc8 Ke5 50. Bd7 Kf6 51. Bc8 Ke5 52. Bd7 1/2-1/2